Normal view MARC view
  • İneli Ciğer, Meltem

Entry Personal Name

Number of records used in: 1

001 - CONTROL NUMBER

  • control field: 138999

003 - CONTROL NUMBER IDENTIFIER

  • control field: TR-AnTOB

005 - DATE AND TIME OF LATEST TRANSACTION

  • control field: 20221027104719.0

008 - FIXED-LENGTH DATA ELEMENTS

  • fixed length control field: 150310n| azannaabn |a aaa

010 ## - LIBRARY OF CONGRESS CONTROL NUMBER

  • LC control number: n 2015014879

040 ## - CATALOGING SOURCE

  • Original cataloging agency: DLC
  • Language of cataloging: eng
  • Description conventions: rda
  • Transcribing agency: DLC

100 1# - HEADING--PERSONAL NAME

  • Personal name: İneli Ciğer, Meltem

400 1# - SEE FROM TRACING--PERSONAL NAME

  • Personal name: Ciger, Meltem Ineli

400 1# - SEE FROM TRACING--PERSONAL NAME

  • Personal name: Ineli-Ciger, Meltem

400 1# - SEE FROM TRACING--PERSONAL NAME

  • Personal name: İneli, Meltem

400 1# - SEE FROM TRACING--PERSONAL NAME

  • Personal name: Ciğer, Meltem

670 ## - SOURCE DATA FOUND

  • Source citation: Seeking asylum in the European Union, 2015:
  • Information found: ECIP t.p. (Meltem Ineli-Ciger) c.v. (a Ph.D. Candidate at the University of Bristol Law School. Her doctoral research is on temporary protection. She holds an LLM degree in International Law from University of Bristol and an LLB degree from Dokuz Eylul University)

670 ## - SOURCE DATA FOUND

  • Source citation: Temporary protection in law and pactice, 2018
  • Information found: ECIP t.p. (Meltem Ineli-Ciger) c.v. (a Ph.D. Candidate at the University of Bristol Law School. Her doctoral research is on temporary protection. She holds an LLM degree in International Law from University of Bristol and an LLB degree from Dokuz Eylul University)
Devinim Yazılım Eğitim Danışmanlık tarafından Koha'nın orjinal sürümü uyarlanarak geliştirilip kurulmuştur.